[Event "World Blitz 2016"]
[Site "Doha QAT"]
[Date "2016.12.29"]
[Round "11.2"]
[White "Nepomniachtchi, Ian"]
[Black "Karjakin, Sergey"]
[Result "0-1"]
[WhiteTitle "GM"]
[BlackTitle "GM"]
[WhiteElo "2767"]
[BlackElo "2785"]
[WhiteFideId "4168119"]
[BlackFideId "14109603"]
[EventDate "2016.12.29"]

1. g3 e5 2. Bg2 d5 3. c4 Nf6 4. cxd5 Nxd5 5. Nc3 Nb6 6. d3 Be7 7. Be3 O-O 8. Rc1
Re8 9. Nf3 Nc6 10. O-O Bf8 11. a3 Nd4 12. Ne4 c6 13. Bg5 f6 14. Nxd4 exd4 15.
Bd2 Be6 16. Re1 Bd5 17. Qc2 Qd7 18. b4 Rad8 19. Qb2 Na4 20. Qc2 b5 21. e3 dxe3
22. Bxe3 Rc8 23. d4 Nb6 24. Nc5 Qf7 25. a4 Bxg2 26. Kxg2 Nxa4 27. Nxa4 bxa4 28.
Qxa4 Qb7 29. Kg1 Bxb4 30. Rb1 a5 31. Rec1 Qb5 32. Qd1 Qd5 33. Bd2 Bxd2 34. Qxd2
Rb8 35. Ra1 Rb5 36. Qc3 Rc8 37. Re1 c5 38. dxc5 Rbxc5 39. Qe3 h6 40. h4 Kh7 41.
Ra3 Qf5 42. Rea1 Re5 43. Qd3 Qxd3 44. Rxd3 Rc7 45. Ra4 Ra7 46. Kg2 h5 47. Rdd4
Kg6 48. Rdc4 Kf5 49. Kf3 Rb5 50. Rf4+ Ke6 51. Rfe4+ Kd6 52. Red4+ Kc6 53. Ra1
Rb3+ 54. Kf4 Rb5 55. f3 Rc5 56. g4 hxg4 57. fxg4 Rb7 58. Raa4 g5+ 59. hxg5 fxg5+
60. Ke4 Rf7 61. Ke3 Re7+ 62. Kd2 Rd7 63. Rxd7 Kxd7 64. Re4 Kc6 65. Kd3 Kb5 66.
Re1 a4 67. Rb1+ Ka5 68. Kd4 Rc8 69. Rb7 a3 70. Rg7 Kb4 71. Rb7+ Ka4 72. Ke3 Rc4
73. Kf3 a2 0-1

[Event "World Blitz 2016"]
[Site "Doha QAT"]
[Date "2016.12.29"]
[Round "11.3"]
[White "Bortnyk, Olexandr"]
[Black "Bosiocic, Marin"]
[Result "0-1"]
[WhiteTitle "GM"]
[BlackTitle "GM"]
[WhiteElo "2581"]
[BlackElo "2591"]
[WhiteFideId "14120828"]
[BlackFideId "14507927"]
[EventDate "2016.12.29"]

1. e4 c5 2. Nf3 e6 3. Nc3 Nc6 4. g3 d5 5. Bg2 d4 6. Ne2 e5 7. d3 f6 8. O-O g5 9.
Nd2 h5 10. f4 h4 11. fxg5 fxg5 12. Qe1 h3 13. Qf2 Nh6 14. Bf3 g4 15. Bh1 Be7 16.
Nc4 Rf8 17. Qe1 Rxf1+ 18. Qxf1 Nf7 19. a4 Be6 20. Bd2 Qd7 21. Qf2 O-O-O 22. Rf1
b6 23. b3 Kb7 24. Qe1 Rf8 25. Rf2 Nfd8 26. Nc1 Rxf2 27. Qxf2 Nf7 28. Kf1 Qd8 29.
Ke1 Bg5 30. Na2 Bxd2+ 31. Qxd2 a6 32. Qc1 b5 33. axb5 axb5 34. Nd2 Qa5 35. Qb2
Nb4 36. Nxb4 Qxb4 37. Qa1 Nd8 38. Kd1 Nc6 39. Qc1 Qa5 40. Nb1 Qa1 41. Na3 Qxc1+
42. Kxc1 Kb6 43. Kb2 Nd8 44. Kc1 Nf7 45. Kd2 Ng5 46. Nb1 Ka5 47. Kd1 Kb4 48. Ke2
c4 49. bxc4 bxc4 50. dxc4 Bxc4+ 51. Kd2 Ba2 52. c3+ Kb3 53. cxd4 Bxb1 54. dxe5
Ne6 55. Ke3 Kc3 56. Bf3 gxf3 57. Kxf3 Kd4 58. Kg4 Kxe5 59. Kxh3 Bxe4 60. Kg4
Bf5+ 61. Kh5 Kf6 62. g4 Bg6+ 63. Kh4 Ng5 64. Kg3 Ke5 65. h4 Ne4+ 66. Kf3 Be8 67.
Ke3 Bc6 68. Kf3 Nf6+ 69. Kg3 Bd7 70. h5 Bxg4 71. h6 Bf5 72. h7 Bxh7 73. Kf3 Be4+
74. Ke3 Nd5+ 75. Kd2 Kd4 76. Kc1 Kc3 77. Kd1 Nf4 78. Kc1 Ne2+ 79. Kd1 Kd3 80.
Ke1 Bd5 81. Kd1 Bb3+ 82. Ke1 Ke3 83. Kf1 Nf4 84. Ke1 Ng2+ 85. Kf1 Kf3 86. Kg1
Bc4 87. Kh2 Nf4 88. Kg1 Kg3 89. Kh1 Bb5 0-1

[Event "World Blitz 2016"]
[Site "Doha QAT"]
[Date "2016.12.29"]
[Round "11.10"]
[White "Wojtaszek, Radoslaw"]
[Black "Leko, Peter"]
[Result "1/2-1/2"]
[WhiteTitle "GM"]
[BlackTitle "GM"]
[WhiteElo "2749"]
[BlackElo "2693"]
[WhiteFideId "1118358"]
[BlackFideId "703303"]
[EventDate "2016.12.29"]

1. d4 Nf6 2. c4 e6 3. Nf3 d5 4. Nc3 Bb4 5. Bg5 h6 6. Bxf6 Qxf6 7. e3 dxc4 8.
Bxc4 c5 9. O-O cxd4 10. Qa4+ Nc6 11. Bb5 Bd7 12. Nxd4 Bxc3 13. bxc3 O-O 14. Nxc6
Bxc6 15. Bxc6 bxc6 16. Qc4 Qe5 17. Rfd1 Qb5 18. Qxb5 cxb5 19. a4 bxa4 20. Rxa4
Rfc8 21. c4 Rc5 22. g3 a5 23. Rd7 Rac8 24. Ra7 Rxc4 1/2-1/2

[Event "World Blitz 2016"]
[Site "Doha QAT"]
[Date "2016.12.29"]
[Round "11.12"]
[White "Aronian, Levon"]
[Black "Bu, Xiangzhi"]
[Result "1/2-1/2"]
[WhiteTitle "GM"]
[BlackTitle "GM"]
[WhiteElo "2785"]
[BlackElo "2705"]
[WhiteFideId "13300474"]
[BlackFideId "8601445"]
[EventDate "2016.12.29"]

1. c4 c6 2. g3 d5 3. Bg2 Nf6 4. Nf3 g6 5. b3 Bg7 6. Bb2 O-O 7. O-O a5 8. d3 Re8
9. Qc1 Bg4 10. h3 Bxf3 11. Bxf3 e6 12. Bg2 Nbd7 13. Nc3 h5 14. Nd1 Qc7 15. Qc2
Qd6 16. e3 a4 17. d4 axb3 18. axb3 Rxa1 19. Bxa1 Ra8 20. Nc3 Qb4 21. Ne2 Ne8 22.
Bc3 Qe7 23. e4 dxe4 24. Bxe4 Nd6 25. Bb4 Bf8 26. Bg2 Qf6 27. Rd1 Nf5 28. Bc3 Qg5
29. h4 Qe7 30. d5 exd5 31. cxd5 cxd5 32. Bxd5 Nf6 33. Bxf6 Qxf6 34. Bxb7 Re8 35.
Be4 Nd6 36. Bd5 Nf5 37. Be4 Nd6 38. Bd3 Qf3 39. Nd4 Qg4 40. Be2 Qh3 41. Bf3 Rc8
42. Qd2 Nf5 43. Bg2 Qg4 44. Nxf5 Qxf5 45. Bd5 Rc2 46. Qf4 Qxf4 47. gxf4 Bc5 48.
Rf1 Kg7 49. Kg2 Kf6 50. Bc4 Rb2 51. Kf3 Bb6 52. Kg3 Bc5 53. Kf3 Rd2 54. Kg3 Rb2
55. Kf3 Rd2 1/2-1/2

[Event "World Blitz 2016"]
[Site "Doha QAT"]
[Date "2016.12.29"]
[Round "11.14"]
[White "Mamedov, Rauf"]
[Black "Dreev, Aleksey"]
[Result "0-1"]
[WhiteTitle "GM"]
[BlackTitle "GM"]
[WhiteElo "2688"]
[BlackElo "2652"]
[WhiteFideId "13401653"]
[BlackFideId "4100107"]
[EventDate "2016.12.29"]

1. g3 d5 2. Bg2 c6 3. d3 g6 4. Nf3 Bg7 5. O-O e5 6. e4 Ne7 7. Re1 dxe4 8. dxe4
Qxd1 9. Rxd1 h6 10. Na3 Be6 11. Be3 Nd7 12. Nd2 O-O-O 13. Nac4 Kc7 14. a4 Nb6
15. Bf1 Nxc4 16. Nxc4 Nc8 17. f4 Bxc4 18. Bxc4 Nd6 19. Bd3 Rhe8 20. Bxa7 exf4
21. gxf4 Nxe4 22. Bxe4 Rxd1+ 23. Rxd1 Rxe4 24. a5 Bf6 25. c3 Rxf4 26. Bb6+ Kc8
27. Re1 Kd7 28. Rd1+ Ke6 29. Bc7 Rg4+ 30. Kf2 Ra4 31. Re1+ Kd7 32. Bg3 Rxa5 33.
Rd1+ Rd5 34. Ra1 Rd2+ 35. Ke3 Rxb2 36. Rf1 Ke6 37. Kd3 b5 38. Re1+ Kd7 39. Rf1
Ke6 40. Re1+ Kd7 41. Rf1 Ke7 42. Re1+ Kf8 43. Bd6+ Kg7 44. Re8 g5 45. Rc8 Rb1
46. Rxc6 h5 47. Ke4 h4 48. Kf5 Rf1+ 49. Kg4 Rc1 50. Bb4 Kg6 51. Be7 Rg1+ 52. Kf3
Rf1+ 53. Ke2 Rf5 54. Bb4 g4 55. Rc8 Be5 56. Rg8+ Kh5 57. Ke3 Bxh2 58. Ke4 Rf4+
59. Ke3 Rf3+ 60. Ke4 f5+ 61. Kd5 Re3 62. Rh8+ Kg6 63. Rg8+ Kf7 64. Rf8+ Kg6 65.
Rg8+ Kf6 66. Rf8+ Kg6 67. Rg8+ Kh7 68. Rg5 Re5+ 69. Kc6 h3 70. c4 bxc4 71. Bc3
Re7 72. Rxf5 Bg3 73. Bf6 Re6+ 74. Kd5 Rxf6 75. Rxf6 h2 76. Rf1 Bf2 0-1

[Event "World Blitz 2016"]
[Site "Doha QAT"]
[Date "2016.12.29"]
[Round "11.15"]
[White "Bok, Benjamin"]
[Black "Grischuk, Alexander"]
[Result "0-1"]
[WhiteTitle "GM"]
[BlackTitle "GM"]
[WhiteElo "2598"]
[BlackElo "2737"]
[WhiteFideId "1017063"]
[BlackFideId "4126025"]
[EventDate "2016.12.29"]

1. e4 e5 2. Nf3 Nc6 3. Bb5 a6 4. Ba4 g6 5. c3 Bg7 6. O-O Nge7 7. d4 exd4 8. cxd4
b5 9. Bc2 O-O 10. d5 Na5 11. Nbd2 d6 12. Rb1 c6 13. b4 Nb7 14. dxc6 Nxc6 15. Bb2
Bxb2 16. Rxb2 Qf6 17. Rb1 Be6 18. Bb3 a5 19. bxa5 Rxa5 20. Qe2 Nc5 21. Bxe6 Nxe6
22. Nb3 Nf4 23. Qd2 Ra4 24. Rfe1 Rfa8 25. Nc1 Ne5 26. Nxe5 Qg5 27. Qxf4 Qxf4 28.
Ned3 Qg5 29. f3 Rxa2 30. Nxa2 Rxa2 31. Nf2 Qc5 32. Rf1 Rc2 33. h3 b4 34. Rb3 Kg7
35. Rbb1 Qe3 36. Rbe1 Qb6 37. Rb1 b3 38. g3 b2 39. Kg2 Qd4 40. h4 h5 41. Rbd1
Rxf2+ 42. Rxf2 Qxd1 43. Rxb2 Qd3 44. Rf2 f5 45. exf5 gxf5 0-1

[Event "World Blitz 2016"]
[Site "Doha QAT"]
[Date "2016.12.29"]
[Round "11.16"]
[White "Jakovenko, Dmitry"]
[Black "Anand, Viswanathan"]
[Result "0-1"]
[WhiteTitle "GM"]
[BlackTitle "GM"]
[WhiteElo "2704"]
[BlackElo "2779"]
[WhiteFideId "4122356"]
[BlackFideId "5000017"]
[EventDate "2016.12.29"]

1. Nf3 d5 2. g3 c5 3. Bg2 Nc6 4. d4 Nf6 5. O-O cxd4 6. Nxd4 e5 7. Nxc6 bxc6 8.
c4 Be6 9. Bg5 Qd7 10. Bxf6 gxf6 11. e3 h5 12. Nc3 Rd8 13. Qa4 f5 14. Rfd1 e4 15.
Bf1 Ke7 16. cxd5 cxd5 17. Nb5 Bg7 18. Rac1 Be5 19. Qb4+ Kf6 20. Nd4 Rc8 21. Ba6
Rxc1 22. Rxc1 Rb8 23. Qd2 Qa4 24. Be2 Qxa2 25. Bxh5 Qxb2 26. Rc2 Qa1+ 27. Rc1
Rb1 28. Rxb1 Qxb1+ 29. Kg2 Qd3 30. Qxd3 exd3 31. Nxe6 fxe6 32. f4 Bc3 33. Bd1
Ke7 34. Kf3 Kd6 35. Ba4 Kc5 36. Bd7 Kd6 37. Ba4 a5 38. h3 e5 39. fxe5+ Bxe5 40.
g4 Kc5 41. g5 Kb4 42. Bc6 Kc3 43. Ba4 Kb4 44. Bc6 a4 45. Bxd5 Kc3 0-1

[Event "World Blitz 2016"]
[Site "Doha QAT"]
[Date "2016.12.29"]
[Round "11.17"]
[White "Onischuk, Vladimir"]
[Black "Inarkiev, Ernesto"]
[Result "1-0"]
[WhiteTitle "GM"]
[BlackTitle "GM"]
[WhiteElo "2601"]
[BlackElo "2709"]
[WhiteFideId "14114038"]
[BlackFideId "4162722"]
[EventDate "2016.12.29"]

1. e4 e5 2. Nf3 Nc6 3. Bc4 Bc5 4. d3 Nf6 5. O-O a6 6. Bb3 d6 7. c3 Ba7 8. Nbd2
O-O 9. h3 Re8 10. Re1 h6 11. Nf1 Be6 12. Bc2 d5 13. exd5 Bxd5 14. Ng3 Bc5 15.
Ne4 Bf8 16. Be3 Nxe4 17. dxe4 Bc4 18. Nd2 Be6 19. a4 a5 20. Qe2 b6 21. Bd3 Nb8
22. Reb1 c6 23. b4 Nd7 24. Nc4 Qc7 25. Qc2 Reb8 26. Nd2 Qd8 27. Be2 Qc7 28. Rb2
Qd8 29. Rab1 Qc7 30. Bc4 Bxc4 31. Nxc4 axb4 32. cxb4 b5 33. Na5 bxa4 34. Qxa4
Rxb4 35. Rxb4 Rxa5 36. Qc2 Bxb4 37. Rxb4 h5 38. g3 g6 39. Kg2 Kg7 40. Rc4 Ra6
41. Qd2 Nf8 42. Bh6+ Kg8 43. Qg5 Ne6 44. Qf6 Kh7 45. Be3 Ra1 46. Rb4 Rd1 47. Ra4
Rd8 48. Ra7 1-0

[Event "World Blitz 2016"]
[Site "Doha QAT"]
[Date "2016.12.29"]
[Round "11.18"]
[White "Amonatov, Farrukh"]
[Black "Nguyen, Ngoc Truong Son"]
[Result "0-1"]
[WhiteTitle "GM"]
[BlackTitle "GM"]
[WhiteElo "2620"]
[BlackElo "2629"]
[WhiteFideId "14700077"]
[BlackFideId "12401110"]
[EventDate "2016.12.29"]

1. e4 e5 2. Nf3 Nc6 3. Nc3 Nf6 4. g3 Bb4 5. Bg2 d6 6. d3 O-O 7. O-O h6 8. h3 Be6
9. Bd2 Re8 10. a3 Ba5 11. b4 Bb6 12. Na4 Nd4 13. Nxd4 Bxd4 14. c3 Bb6 15. Nxb6
axb6 16. c4 Qd7 17. Kh2 Qa4 18. Qb1 b5 19. Rc1 c6 20. Qb2 Nd7 21. f4 f6 22. f5
Bf7 23. g4 bxc4 24. dxc4 Nb6 25. Bf1 d5 26. cxd5 cxd5 27. Rc7 Rac8 28. Rac1 Nc4
29. Bxc4 Rxc7 30. Bb3 Qd7 31. Ba4 b5 32. Bxb5 Qxb5 33. Rxc7 Qe2+ 34. Kg1 dxe4
35. Bc1 Qd1+ 36. Kh2 e3 37. Bxe3 Bd5 38. Rc1 Qf3 39. Qf2 Qe4 40. Re1 Qd3 41. Qd2
Qb3 42. Qd1 Qc4 43. Qe2 Qb3 44. Qd1 Qc4 45. Qe2 Qb3 46. Rd1 Ra8 47. Rd3 Qc4 48.
Qd2 Bc6 49. Rd8+ Rxd8 50. Qxd8+ Kh7 51. Qd2 Qf1 52. Kg3 Qf3+ 53. Kh2 h5 54. gxh5
Qxf5 55. Qf2 Qe4 56. Qg1 Qc2+ 57. Qf2 Qe4 58. Qg1 Qc2+ 59. Qf2 Qe4 60. Qg1 Qd3
61. Qg6+ Qxg6 62. hxg6+ Kxg6 63. Bc5 Kf5 64. Bf8 g6 65. Bg7 Ke6 66. Kg3 f5 67.
h4 Ba4 68. Bh8 Kd5 69. Bg7 Ke4 70. Bf8 f4+ 71. Kf2 Kf5 72. Bd6 e4 73. Bc5 Kg4
74. Bd6 e3+ 75. Ke1 f3 76. Bc5 f2+ 77. Ke2 Bb5+ 0-1

[Event "World Blitz 2016"]
[Site "Doha QAT"]
[Date "2016.12.29"]
[Round "11.19"]
[White "Banikas, Hristos"]
[Black "Adly, Ahmed"]
[Result "1/2-1/2"]
[WhiteTitle "GM"]
[BlackTitle "GM"]
[WhiteElo "2568"]
[BlackElo "2599"]
[WhiteFideId "4202031"]
[BlackFideId "10601619"]
[EventDate "2016.12.29"]

1. Nf3 d5 2. d4 Nf6 3. c4 e6 4. Nc3 c6 5. e3 Nbd7 6. Qc2 Bd6 7. Bd3 O-O 8. O-O
dxc4 9. Bxc4 e5 10. h3 Qe7 11. Bb3 Kh8 12. Bd2 b6 13. Nh4 g6 14. dxe5 Qxe5 15.
Nf3 Qh5 16. Ne4 Nxe4 17. Qxe4 Ne5 18. Bc3 f6 19. Nxe5 Bxe5 20. Bxe5 fxe5 21.
Rac1 Ba6 22. Rfd1 c5 23. Rd7 Qg5 24. h4 Qf6 25. f3 Bb5 26. Rd2 Bc6 27. Bd5 Rad8
28. Rcd1 Bb5 29. Bc4 Rxd2 30. Rxd2 Bc6 31. Bd5 Rd8 32. Rd3 Qd6 33. Bxc6 Qxd3 34.
Qxe5+ Kg8 35. Qe6+ Kf8 36. Qf6+ Kg8 37. Qe6+ Kg7 38. Qe7+ Kh6 39. Qg5+ Kg7 40.
Qe7+ Kg8 41. Qe6+ Kg7 42. Qe7+ Kh6 43. Qg5+ Kg7 44. Qe7+ 1/2-1/2

[Event "World Blitz 2016"]
[Site "Doha QAT"]
[Date "2016.12.29"]
[Round "11.20"]
[White "Li, Chao b"]
[Black "Lu, Shanglei"]
[Result "1-0"]
[WhiteTitle "GM"]
[BlackTitle "GM"]
[WhiteElo "2720"]
[BlackElo "2627"]
[WhiteFideId "8604436"]
[BlackFideId "8603332"]
[EventDate "2016.12.29"]

1. d4 f5 2. g3 Nf6 3. Bg2 g6 4. Nh3 Bg7 5. O-O d6 6. d5 c6 7. c4 e5 8. dxe6 Bxe6
9. Qb3 Qb6 10. Ng5 Qxb3 11. axb3 Bg8 12. Bf4 h6 13. Nf3 Ne4 14. Nh4 Bh7 15. Bxe4
fxe4 16. Bxd6 Bxb2 17. Ra2 Bf6 18. Nd2 g5 19. Ng2 Na6 20. Ne3 O-O-O 21. c5 Bd4
22. Ndc4 Rhe8 23. b4 Bg8 24. Ra4 Bc3 25. Rb1 Be6 26. Ra3 Bd4 27. Rd1 Bg7 28. Rb1
Bd4 29. Na5 Bd7 30. Nec4 Bg7 31. g4 Bxg4 32. Nxc6 bxc6 33. Rxa6 Kb7 34. Ra2 Be6
35. Na5+ Ka8 36. Ra3 Bd5 37. Rd1 Rd7 38. b5 Rc8 39. b6 Be6 40. Rb1 axb6 41.
Nxc6+ Kb7 42. Rxb6# 1-0

[Event "World Blitz 2016"]
[Site "Doha QAT"]
[Date "2016.12.29"]
[Round "11.21"]
[White "Zhigalko, Sergei"]
[Black "Mareco, Sandro"]
[Result "0-1"]
[WhiteTitle "GM"]
[BlackTitle "GM"]
[WhiteElo "2671"]
[BlackElo "2635"]
[WhiteFideId "13502956"]
[BlackFideId "112275"]
[EventDate "2016.12.29"]

1. e4 c5 2. Nf3 e6 3. c3 Nf6 4. e5 Nd5 5. Bc4 d6 6. d4 cxd4 7. cxd4 Be7 8. O-O
O-O 9. Bd2 b6 10. Qe2 Bb7 11. Nc3 Nxc3 12. Bxc3 Nd7 13. Rfe1 dxe5 14. dxe5 Qc7
15. Nd4 a6 16. Rad1 Rfd8 17. Bxe6 fxe6 18. Nxe6 Qc6 19. Qg4 g6 20. Nxd8 Rxd8 21.
e6 Nf6 22. Rxd8+ Bxd8 23. Bxf6 Bxf6 24. h4 Bc8 25. h5 Kg7 26. h6+ Kxh6 27. Qf4+
Kg7 28. e7 Bd7 29. Qb8 Be8 30. Qd8 Kf7 31. Re3 b5 32. Rf3 Qe6 33. Re3 Qd7 34.
Qb6 Bxe7 35. Qxa6 Qd1+ 36. Kh2 Qd6+ 37. Kg1 Qxa6 0-1

[Event "World Blitz 2016"]
[Site "Doha QAT"]
[Date "2016.12.29"]
[Round "11.22"]
[White "Vitiugov, Nikita"]
[Black "Ganguly, Surya Shekhar"]
[Result "1/2-1/2"]
[WhiteTitle "GM"]
[BlackTitle "GM"]
[WhiteElo "2726"]
[BlackElo "2668"]
[WhiteFideId "4152956"]
[BlackFideId "5002150"]
[EventDate "2016.12.29"]

1. d4 Nf6 2. Bg5 Ne4 3. Bf4 c5 4. f3 Qa5+ 5. c3 Nf6 6. Nd2 cxd4 7. Nb3 Qb6 8.
Qxd4 d6 9. e4 e5 10. Qxb6 axb6 11. Bg5 Be6 12. Nd2 Nbd7 13. Bxf6 gxf6 14. Bb5
Bh6 15. Ne2 Ke7 16. Ng3 Rhg8 17. Nc4 Rgc8 18. Nf5+ Bxf5 19. exf5 d5 20. Bxd7
Rxc4 21. Bb5 Rc5 22. Bd3 e4 23. Bc2 exf3 24. gxf3 d4 25. Bb3 dxc3 26. bxc3 Rxc3
27. Ke2 Ra5 28. Rhe1 Rxf5 29. Kf1+ Kf8 30. Rad1 Rcxf3+ 31. Kg2 Rf2+ 32. Kg1 Rd2
33. Rxd2 Bxd2 34. Rd1 Be3+ 35. Kg2 Rf2+ 36. Kg3 Rd2 37. Rxd2 1/2-1/2

[Event "World Blitz 2016"]
[Site "Doha QAT"]
[Date "2016.12.29"]
[Round "11.23"]
[White "Khusnutdinov, Rustam"]
[Black "Cheparinov, Ivan"]
[Result "1-0"]
[WhiteTitle "GM"]
[BlackTitle "GM"]
[WhiteElo "2458"]
[BlackElo "2689"]
[WhiteFideId "13701703"]
[BlackFideId "2905540"]
[EventDate "2016.12.29"]

1. Nc3 Nf6 2. e4 e5 3. g3 d5 4. exd5 Nxd5 5. Bg2 Nxc3 6. bxc3 Nc6 7. Ne2 Be6 8.
d3 Bd5 9. O-O Bxg2 10. Kxg2 Be7 11. c4 O-O 12. Rb1 b6 13. Nc3 Qd7 14. Be3 Rae8
15. Qf3 Kh8 16. Qd5 Bd6 17. c5 Ne7 18. Qc4 bxc5 19. Bxc5 Qc6+ 20. Ne4 Nf5 21.
Qb5 Qxb5 22. Rxb5 Rd8 23. Rfb1 Nd4 24. Nxd6 cxd6 25. Bxd4 exd4 26. Rd5 Rc8 27.
Rb2 Rc6 28. Rxd4 g6 29. c4 Kg7 30. Rd5 Rfc8 31. Ra5 R8c7 32. Rb3 Re7 33. Rba3
Rcc7 34. Ra6 Red7 35. R3a5 h5 36. Rd5 Rb7 37. Rdxd6 Re7 38. Rd4 Rb2 39. h4 Rd2
40. Ra3 Ree2 41. Rf4 Re7 42. d4 Rd7 43. d5 Rc2 44. Ra4 Rb7 45. d6 Rd7 46. Rd4
Kf6 47. Ra3 Ke6 48. Re3+ Kf6 49. a3 a5 50. Kf3 Kf5 51. Rd5+ Kf6 52. c5 Rc4 53.
Ke2 a4 54. Kd3 Rc1 55. Kd4 Rc2 56. Rc3 Rd2+ 57. Kc4 1-0

[Event "World Blitz 2016"]
[Site "Doha QAT"]
[Date "2016.12.29"]
[Round "11.24"]
[White "Melkumyan, Hrant"]
[Black "Bindrich, Falko"]
[Result "1-0"]
[WhiteTitle "GM"]
[BlackTitle "GM"]
[WhiteElo "2633"]
[BlackElo "2590"]
[WhiteFideId "13302485"]
[BlackFideId "4676670"]
[EventDate "2016.12.29"]

1. Nf3 d5 2. d4 Nf6 3. Bf4 e6 4. e3 Be7 5. Nbd2 c5 6. c3 O-O 7. h3 b6 8. Ne5
Nfd7 9. Ndf3 Nxe5 10. Nxe5 Bb7 11. Bd3 Nd7 12. Qh5 Nf6 13. Qe2 Ne4 14. O-O a6
15. Bxe4 dxe4 16. dxc5 Bxc5 17. Rfd1 Qh4 18. Rd7 Bc8 19. Rd2 f6 20. Nd7 Bxd7 21.
Rxd7 a5 22. Qc4 Rfe8 23. Rad1 Qh5 24. Qxe4 Bf8 25. Bc7 b5 26. Kh2 a4 27. Rd8
Raxd8 28. Rxd8 Rxd8 29. Qxe6+ Qf7 30. Qxf7+ Kxf7 31. Bxd8 f5 32. b3 axb3 33.
axb3 Ke6 34. Kg1 Kd5 35. Kf1 g6 36. Ke2 Bg7 37. Kd3 Be5 38. f3 Bd6 39. Bb6 Be7
40. Bd4 h5 41. e4+ fxe4+ 42. fxe4+ Kc6 43. c4 bxc4+ 44. Kxc4 1-0

[Event "World Blitz 2016"]
[Site "Doha QAT"]
[Date "2016.12.29"]
[Round "11.25"]
[White "Naiditsch, Arkadij"]
[Black "Tari, Aryan"]
[Result "1/2-1/2"]
[WhiteTitle "GM"]
[BlackTitle "GM"]
[WhiteElo "2687"]
[BlackElo "2584"]
[WhiteFideId "4650891"]
[BlackFideId "1510045"]
[EventDate "2016.12.29"]

1. d4 Nf6 2. Nf3 g6 3. Bf4 Bg7 4. e3 O-O 5. Be2 c5 6. O-O d6 7. c3 Nh5 8. Bg5 h6
9. Bh4 g5 10. Nfd2 Nf6 11. Bg3 Bf5 12. Bf3 Nc6 13. Na3 cxd4 14. exd4 Qd7 15.
Nac4 d5 16. Ne5 Nxe5 17. dxe5 Ne8 18. Nb3 e6 19. Nd4 Bg6 20. Re1 Nc7 21. h4 Nb5
22. hxg5 hxg5 23. Nxb5 Qxb5 24. Qd2 Bh6 25. Rad1 Rac8 26. Bh4 d4 27. Bxg5 dxc3
28. bxc3 Bxg5 29. Qxg5 Rxc3 30. Rd4 Rc4 31. Rxc4 Qxc4 32. Re4 Qd3 33. Rf4 Rc8
34. Bh5 Rc1+ 35. Kh2 Rc7 36. Bxg6 fxg6 37. Rh4 Rh7 38. Rxh7 Kxh7 39. Qe7+ Kh6
40. Qxe6 Qd2 41. Qf6 Qxa2 42. e6 Qe2 43. e7 Kh7 44. Qf7+ Kh6 45. Qf8+ Kh7 46.
Qf7+ Kh6 47. Qf8+ Kg5 48. e8=Q Qh5+ 49. Kg1 Qd1+ 50. Kh2 Qh5+ 51. Kg3 Qg4+ 52.
Kh2 Qh5+ 1/2-1/2

[Event "World Blitz 2016"]
[Site "Doha QAT"]
[Date "2016.12.29"]
[Round "11.26"]
[White "Borisek, Jure"]
[Black "Salinas Herrera, Pablo"]
[Result "0-1"]
[WhiteTitle "GM"]
[BlackTitle "IM"]
[WhiteElo "2561"]
[BlackElo "2466"]
[WhiteFideId "14603152"]
[BlackFideId "3407128"]
[EventDate "2016.12.29"]

1. e4 c5 2. Nf3 d6 3. Bb5+ Nd7 4. O-O a6 5. Bd3 Ngf6 6. Re1 b5 7. c4 Rb8 8. cxb5
axb5 9. a3 e5 10. b4 Be7 11. Nc3 Ba6 12. Bf1 O-O 13. d3 Qc7 14. Bd2 Rfc8 15. Rb1
Nf8 16. Ne2 Ne6 17. Ng3 Nd4 18. Nxd4 cxd4 19. Nf5 Bf8 20. Qf3 Kh8 21. Be2 Ng8
22. Bd1 g6 23. Ng3 Bg7 24. Bb3 Rf8 25. h4 f5 26. exf5 gxf5 27. Nh5 Bh6 28. Bg5
Bxg5 29. hxg5 Qe7 30. Bxg8 Rxg8 31. Qxf5 Rxg5 32. Qf6+ Qxf6 33. Nxf6 Bb7 34. g3
Kg7 35. Ne4 Bxe4 36. Rxe4 Ra8 37. Rb3 Kf6 38. Rh4 h5 39. Kg2 Ke6 40. f4 Rf5 41.
Kf3 Kd5 42. Rh1 Rc8 43. Ra1 h4 44. Kg4 Rf7 45. gxh4 0-1

[Event "World Blitz 2016"]
[Site "Doha QAT"]
[Date "2016.12.29"]
[Round "11.27"]
[White "Najer, Evgeniy"]
[Black "Pichot, Alan"]
[Result "1-0"]
[WhiteTitle "GM"]
[BlackTitle "GM"]
[WhiteElo "2679"]
[BlackElo "2544"]
[WhiteFideId "4118987"]
[BlackFideId "110973"]
[EventDate "2016.12.29"]

1. e4 c5 2. Nc3 a6 3. Nf3 e6 4. d4 cxd4 5. Nxd4 Qc7 6. Bd3 Nf6 7. O-O Be7 8. Qe2
d6 9. a4 b6 10. f4 Nbd7 11. Bd2 Bb7 12. Kh1 h5 13. Rae1 h4 14. Kg1 Rc8 15. Bxa6
h3 16. Ndb5 Qb8 17. Bxb7 Qxb7 18. g4 Nc5 19. g5 Nfd7 20. Rf3 Qc6 21. b3 Qb7 22.
Qf1 Na6 23. Rxh3 Rxh3 24. Qxh3 Nb4 25. Qh8+ Nf8 26. Qxg7 Nxc2 27. Rc1 Nb4 28.
Rf1 Qc6 29. f5 Qc5+ 30. Kg2 Nd3 31. g6 exf5 32. Qxf7+ Kd7 33. g7 Ne6 34. exf5
Qc6+ 35. Kg3 Nec5 36. f6 Ne4+ 37. Nxe4 1-0

[Event "World Blitz 2016"]
[Site "Doha QAT"]
[Date "2016.12.29"]
[Round "11.28"]
[White "Lalith, Babu M R"]
[Black "Pantsulaia, Levan"]
[Result "1/2-1/2"]
[WhiteTitle "GM"]
[BlackTitle "GM"]
[WhiteElo "2587"]
[BlackElo "2607"]
[WhiteFideId "5024595"]
[BlackFideId "13602071"]
[EventDate "2016.12.29"]

1. Nf3 c5 2. c4 b6 3. g3 Bb7 4. Bg2 g6 5. O-O Bg7 6. Nc3 Nc6 7. e3 Nh6 8. d4
cxd4 9. Nxd4 O-O 10. Nxc6 dxc6 11. Qc2 Nf5 12. b3 h5 13. Bb2 Qc7 14. Rad1 Rad8
15. Qe2 Rxd1 16. Rxd1 Rd8 17. h3 Bf6 18. Be4 Rxd1+ 19. Nxd1 Bxb2 20. Nxb2 Qe5
21. Bf3 Bc8 22. Qd2 c5 23. Qd8+ Kg7 24. Nd3 Qa1+ 25. Kg2 Be6 26. Nf4 Qxa2 27.
Nxe6+ fxe6 28. e4 Ne3+ 29. Kg1 Qa1+ 30. Kh2 Qf6 31. fxe3 Qxf3 32. Qxe7+ Qf7 33.
Qd6 Qf2+ 34. Kh1 Qf3+ 35. Kh2 Qxe4 36. Qe7+ Kh6 37. Qf8+ Kg5 38. Qe7+ Kh6 39.
Qf8+ Kh7 40. Qf7+ Kh6 41. Qf8+ 1/2-1/2

[Event "World Blitz 2016"]
[Site "Doha QAT"]
[Date "2016.12.29"]
[Round "11.29"]
[White "Bologan, Victor"]
[Black "Volokitin, Andrei"]
[Result "0-1"]
[WhiteTitle "GM"]
[BlackTitle "GM"]
[WhiteElo "2640"]
[BlackElo "2649"]
[WhiteFideId "13900048"]
[BlackFideId "14107090"]
[EventDate "2016.12.29"]

1. e4 c5 2. Nf3 d6 3. d4 cxd4 4. Nxd4 Nf6 5. Nc3 a6 6. Be2 e6 7. Be3 Qc7 8. Qd2
b5 9. a3 Bb7 10. f3 Be7 11. g4 Nc6 12. O-O-O b4 13. axb4 Nxb4 14. Kb1 O-O 15. g5
Nd7 16. h4 Rab8 17. g6 Nc5 18. gxf7+ Rxf7 19. Rhg1 Bc8 20. Nb3 Nxb3 21. cxb3 Nc6
22. Rc1 Qb7 23. Bc4 Ne5 24. f4 Nxc4 25. bxc4 Bd7 26. Bd4 Bc6 27. Rce1 Qb3 28.
Re3 Qxc4 29. h5 Bf8 30. Reg3 Rfb7 31. Bxg7 Bxg7 32. h6 Bxe4+ 33. Ka1 Bg6 34.
Rxg6 hxg6 35. Rxg6 Qf1+ 36. Ka2 Rxb2+ 37. Qxb2 Rxb2+ 38. Kxb2 Qf2+ 39. Kb3 Qb6+
40. Kc2 Qf2+ 41. Kb3 Qxf4 42. Rxg7+ Kh8 43. Rg6 Kh7 0-1